<?xml version="1.0" encoding="UTF-8"?><?xml-stylesheet type="text/xsl" href="static/style.xsl"?><OAI-PMH xmlns="http://www.openarchives.org/OAI/2.0/" xmlns:xsi="http://www.w3.org/2001/XMLSchema-instance" xsi:schemaLocation="http://www.openarchives.org/OAI/2.0/ http://www.openarchives.org/OAI/2.0/OAI-PMH.xsd"><responseDate>2026-04-17T03:48:40Z</responseDate><request verb="GetRecord" identifier="oai:www.recercat.cat:10230/71785" metadataPrefix="marc">https://recercat.cat/oai/request</request><GetRecord><record><header><identifier>oai:recercat.cat:10230/71785</identifier><datestamp>2025-11-08T14:19:48Z</datestamp><setSpec>com_2072_6</setSpec><setSpec>col_2072_452952</setSpec></header><metadata><record xmlns="http://www.loc.gov/MARC21/slim" xmlns:dcterms="http://purl.org/dc/terms/" xmlns:xsi="http://www.w3.org/2001/XMLSchema-instance" xmlns:doc="http://www.lyncode.com/xoai" xsi:schemaLocation="http://www.loc.gov/MARC21/slim http://www.loc.gov/standards/marcxml/schema/MARC21slim.xsd">
   <leader>00925njm 22002777a 4500</leader>
   <datafield ind2=" " ind1=" " tag="042">
      <subfield code="a">dc</subfield>
   </datafield>
   <datafield ind2=" " ind1=" " tag="720">
      <subfield code="a">Valle Muñoz, Francisco Andrés</subfield>
      <subfield code="e">author</subfield>
   </datafield>
   <datafield ind2=" " ind1=" " tag="260">
      <subfield code="c">2025-11-06T08:04:31Z</subfield>
   </datafield>
   <datafield ind2=" " ind1=" " tag="260">
      <subfield code="c">2025-11-06T08:04:31Z</subfield>
   </datafield>
   <datafield ind2=" " ind1=" " tag="260">
      <subfield code="c">2024</subfield>
   </datafield>
   <datafield ind2=" " ind1=" " tag="520">
      <subfield code="a">El presente estudio tiene por objeto analizar cómo la negociación colectiva española ha regulado las materias contempladas en el Acuerdo Marco Europeo sobre digitalización de 2020 y que a su vez fueron recogidas en el V Acuerdo Marco estatal para el empleo y la negociación colectiva para los años 2023 y 2025 y concretamente: la transición digital y el fomento de las competencias digitales; la introducción de la inteligencia artificial en el trabajo y la necesidad de su control humano; el derecho a la dignidad de la persona trabajadora frente a mecanismos tecnológicos de vigilancia empresarial; y las modalidades de conexión y desconexión digital. Y todo ello para concluir que, excepto en materia de desconexión digital, en términos generales, la negociación colectiva se ha limitado a transcribir literal o parcialmente las previsiones contenidas en la Ley Orgánica de Protección de Datos o en los Acuerdos antes citados, sin ofrecer unas garantías adicionales relevantes a los derechos y libertades de las personas trabajadoras a la hora de salvaguardar sus derechos digitales.</subfield>
   </datafield>
   <datafield ind1="8" ind2=" " tag="024">
      <subfield code="a">http://hdl.handle.net/10230/71785</subfield>
   </datafield>
   <datafield tag="653" ind2=" " ind1=" ">
      <subfield code="a">Convenio colectivo</subfield>
   </datafield>
   <datafield tag="653" ind2=" " ind1=" ">
      <subfield code="a">Derechos digitales</subfield>
   </datafield>
   <datafield tag="653" ind2=" " ind1=" ">
      <subfield code="a">Inteligencia artificial</subfield>
   </datafield>
   <datafield tag="653" ind2=" " ind1=" ">
      <subfield code="a">Transición digital</subfield>
   </datafield>
   <datafield ind2="0" ind1="0" tag="245">
      <subfield code="a">La implementación del Acuerdo Marco Europeo sobre digitalización por la negociación colectiva española</subfield>
   </datafield>
</record></metadata></record></GetRecord></OAI-PMH>